| 000 | 01682nam0a22002891 4500 | ||
|---|---|---|---|
| 001 | rc\4784993 | ||
| 005 | 20260406200229.0 | ||
| 021 |
_aRU _b[68-82061] |
||
| 035 | _a(NLR Aleph) 009031818 | ||
| 090 |
_a9494265 _c9494265 |
||
| 100 | _a20130417d1968 |||y0rusy50 ca | ||
| 101 | 0 | _arus | |
| 102 | _aRU | ||
| 105 | _ay z ||||| | ||
| 200 | 1 |
_aО работе школьной комсомольской организации по выполнению заветов В.И. Ленина молодежи _eМетод. материалы и разработки для студентов и учителей _fСтавроп. краев. ин-т усовершенствования учителей. Пятигор. гос. пед. ин-т иностр. яз. Ставроп. краев. лаборатория по проблеме воспитания школьников на примере жизни и деятельности В.И. Ленина |
|
| 210 |
_aПятигорск _cБ. и. _d1968 |
||
| 215 |
_a18 с. _d20 |
||
| 300 | _aВ вып. дан. сост.: А.И. Тубянский | ||
| 606 |
_aКомсомольские организации и их работа в школе _yСтавропольский край _2psbo |
||
| 702 | 1 |
_aТубянский _bА.И. _gАйзик Иосифович _4220 |
|
| 702 | 1 |
_aЛенин _bВ.И. _f1870-1924 _gВладимир Ильич _4570 |
|
| 712 | 0 | 2 |
_aСтавропольский краевой институт усовершенствования учителей _9415625 _3RU\NLR\AUTH\889959710 |
| 801 | 0 |
_aRU _bNLR _gpsbo |
|
| 801 | 1 |
_aRU _bELAR _2rusmarc |
|
| 852 |
_aNLR _j68-4/22071 |
||
| 942 | _cBOOK | ||
| 980 | _aNB | ||